Correspondencia / (Record no. 183202)

MARC details
000 -LEADER
campo de control de longitud fija 00835nam a22002415i 4500
001 - NÚMERO DE CONTROL
campo de control 183202
003 - IDENTIFICADOR DE NÚMERO DE CONTROL
campo de control ES-MaACL
005 - FECHA Y HORA DE LA ÚLTIMA TRANSACCIÓN
campo de control 20250812053012.0
008 - DATOS DE LONGITUD FIJA--INFORMACIÓN GENERAL
campo de control de longitud fija 140129s1991 sp | |||| ||spa d
020 ## - NÚMERO INTERNACIONAL ESTÁNDAR DEL LIBRO
Número Internacional Estándar del Libro 84-7774-544-7
080 ## - NÚMERO DE LA CLASIFICACIÓN DECIMAL UNIVERSAL
Número de la Clasificación Decimal Universal 929 Cézanne, Paul
100 1# - ENTRADA PRINCIPAL--NOMBRE DE PERSONA
Nombre de persona Cézanne, Paul,
Fechas asociadas al nombre 1839-1906
9 (RLIN) 240803
245 10 - MENCIÓN DEL TÍTULO
Título Correspondencia /
Mención de responsabilidad, etc. Paul Cézanne ; edición de John Rewald ; [traducción de Bernardo Moreno Carrillo].
260 ## - PUBLICACIÓN, DISTRIBUCIÓN, ETC.
Lugar de publicación, distribución, etc. Madrid :
Nombre del editor, distribuidor, etc. Visor,
Fecha de publicación, distribución, etc. D.L. 1991.
300 ## - DESCRIPCIÓN FÍSICA
Extensión 424 p. ;
Dimensiones 22 cm.
490 1# - MENCIÓN DE SERIE
Mención de serie La balsa de la Medusa ;
Designación de volumen o secuencia 44
600 14 - PUNTO DE ACCESO ADICIONAL DE MATERIA--NOMBRE DE PERSONA
Nombre de persona Cézanne, Paul,
Fechas asociadas al nombre 1839-1906
9 (RLIN) 240803
700 0# - ENTRADA AGREGADA--NOMBRE PERSONAL
Nombre de persona Rewald, John.
9 (RLIN) 96477
700 0# - ENTRADA AGREGADA--NOMBRE PERSONAL
Nombre de persona Moreno Carrillo, Bernardo.
9 (RLIN) 83341
830 03 - PUNTO DE ACCESO ADICIONAL DE SERIE-TÍTULO UNIFORME
Título uniforme La balsa de la Medusa
Designación de volumen o secuencia 44
9 (RLIN) 178610
852 ## - LOCALIZACIÓN
Ubicación ES-MaACL
Número de control de estantería L-30032
Nota libre .- Donat. Miguel A. Velasco
Holdings
Estatus retirado Estado de pérdida Estado de daño No para préstamo Biblioteca de origen Biblioteca actual Ubicación en estantería Fecha de adquisición Fuente de adquisición Total de préstamos Signatura topográfica completa Código de barras Visto por última vez Precio de reemplazo Tipo de ítem Koha
        Biblioteca del Ateneo de Madrid Biblioteca del Ateneo de Madrid Depósito 2 29/01/2014     L-30032 1192547 23/02/2023 23/02/2023 Libro impreso